Beijing County Level Divisions - Statistics

General Stats
  • This quiz has been taken 58 times
  • The average score is 12 of 16
Answer Stats
Answer % Correct
Chaoyang
92%
Haidian
92%
Dongcheng
90%
Xicheng
90%
Daxing
85%
Fangshan
81%
Changping
75%
Huairou
75%
Shunyi
75%
Fengtai
73%
Tongzhou
73%
Miyun
71%
Shijingshan
71%
Yanqing
71%
Mentougou
69%
Pinggu
65%
No matching quizzes found
Score Distribution
Percent of People with Each Score
Percentile by Number Answered
Your Score History
You have not taken this quiz